000 00259 a2200097 4500
020 _a9788198072207
100 _aVishnulal Sudha
245 _aAdhrishya murivukal(അദൃശ്യമുറിവുകൾ)
260 _bMankind Literature
_c2024
942 _cOO
999 _c115379
_d115378